000
00325nam a22001457a 4500
003
SGT
020
_a
978-93-81608-19-7
082
_a
615.53
_b
M17D
100
_a
DUNGHAV, MANISHA.G
245
_a
MCQ"S" ASTANGAHRIDAYA
260
_a
NEW DELHI
_b
CHAUKHAMBHA PUB
_c
2017
300
_a
102
650
_a
AYURVEDA
942
_2
ddc
_c
BK
999
_c
14443
_d
14443